[Event "Regionalliga West 0304 (Women)"]
[Site "Germany"]
[Date "2004.01.11"]
[Round "3.1"]
[White "Ringelstein, Gabriele"]
[Black "Neubacher, Doris"]
[Result "0-1"]
[WhiteElo "1785"]
[BlackElo "1589"]
[PlyCount "74"]
[EventDate "2003.10.26"]
[EventType "team"]
[EventRounds "5"]
[EventCountry "GER"]
[SourceTitle "EXT 2006"]
[Source "ChessBase"]
[SourceDate "2005.11.24"]
[SourceVersion "1"]
[SourceVersionDate "2005.11.24"]
[SourceQuality "1"]
[WhiteTeam "Duesseldorf SV (W)"]
[BlackTeam "Eschborn (W)"]
[WhiteTeamCountry "GER"]
[BlackTeamCountry "GER"]

1. e4 e5 2. Nc3 Bc5 3. Bc4 Nf6 4. f4 Nc6 5. Nf3 d6 6. h3 exf4 7. d4 Bb4 8. Qd3 Bxc3+ 9. bxc3 d5 10. exd5 Nxd5 11. 0-0 0-0 12. Bxd5 Qxd5 13. Bxf4 Bf5 14. Qd2 Rac8 15. Qf2 Na5 16. Ne5 f6 17. Nd3 Be4 18. Qg3 Rf7 19. Rf2 b6 20. Be3 Nc4 21. Bc1 Re8 22. Bf4 c5 23. dxc5 bxc5 24. Bh6 Qd6 25. Bf4 Qc6 26. Raf1 Bg6 27. Qf3 Be4 28. Qg4 f5 29. Qg3 Rf6 30. Re2 Rg6 31. Qf2 Rxg2+ 32. Qxg2 Bxg2 33. Rxg2 Nb6 34. Be5 g6 35. Rxf5 c4 36. Rf6 Qe4 37. Rg4 Qe3+ 0-1